Library of the University of Algiers 3
Ibrahim Sultan Cheibout
شعار جامعة الجزائر 3
مكتبة جامعة الجزائر 3
إبراهيم سلطان شيبوط

المالية الدولية : (رقم التسجيلة. 43744)

تفاصيل مارك
000 -LEADER
fixed length control field 01626nam a2200253Ia 4500
003 - CONTROL NUMBER IDENTIFIER
control field Ost
005 - DATE AND TIME OF LATEST TRANSACTION
control field 20260507075256.0
008 - FIXED-LENGTH DATA ELEMENTS--GENERAL INFORMATION
fixed length control field 260507s9999||||xx |||||||||||||| ||und||
020 ## - INTERNATIONAL STANDARD BOOK NUMBER
International Standard Book Number 70603299579
040 ## - CATALOGING SOURCE
Transcribing agency fsecg
041 ## - LANGUAGE CODE
Language code of text/sound track or separate title ara
082 ## - DEWEY DECIMAL CLASSIFICATION NUMBER
Classification number 330
100 ## - MAIN ENTRY--PERSONAL NAME
Personal name كنج شكري، ماهر
Relator term مؤلف
245 #0 - TITLE STATEMENT
Title المالية الدولية :
Remainder of title العملات الاجنبية و المشتقات المالية بين النظرية و التطبيق /
Statement of responsibility, etc. ماهر كنج شكري
260 ## - PUBLICATION, DISTRIBUTION, ETC.
Place of publication, distribution, etc. عمان:
Name of publisher, distributor, etc. معهد الدراسات المصرفية,
Date of publication, distribution, etc. 2004
300 ## - PHYSICAL DESCRIPTION
Extent 375 صفحة؛
Other physical details إيضاحات ؛
Dimensions 25 سم
520 ## - SUMMARY, ETC.
Summary, etc. نظام النقد الدولي ومصادر التمويل الدولي مع التمويل الدولي قصير الأجل ــ السوق النقدية ، التمويل الدولي متوسط و طويل الاجل سوق رأس المال بالتطرق الى السندات و القروض المجمعة ، أسواق التمويل الدولية الثانوية و التعامل بالعملات الاجنبية و سعر الصرفو كذلك سوق العملات الاجنبية الانية و الاجلة ثم التطرق الى المشتقات المالية و ذلك بتناول العقود المستقبلية و حقوق الخيار و أخيرا عملية التبديل أو المقايضات .
653 ## - INDEX TERM--UNCONTROLLED
Uncontrolled term التمويل الدولي
653 ## - INDEX TERM--UNCONTROLLED
Uncontrolled term العملات الأجنبية
653 ## - INDEX TERM--UNCONTROLLED
Uncontrolled term المالية
653 ## - INDEX TERM--UNCONTROLLED
Uncontrolled term نظام النقد الدولي
700 ## - ADDED ENTRY--PERSONAL NAME
Personal name عوض، مروان
Relator term مؤلف ثانوي
942 ## - ADDED ENTRY ELEMENTS (KOHA)
Koha item type كتب
المقتنيات
Withdrawn status Lost status Source of classification or shelving scheme Damaged status Not for loan Home library Current library Date acquired Serial enumeration / chronology Inventory number Total checkouts Full call number Barcode Date last seen Price effective from Koha item type
    Dewey Decimal Classification   NOT LOAN / إعارة داخلية مكتبة كلية العلوم الإقتصادية والعلوم التجارية وعلوم التسيير مكتبة كلية العلوم الإقتصادية والعلوم التجارية وعلوم التسيير 07/05/2026 الطابق الأرضي 2011/1/6919   أ/3765ن1 2011/1/6919 07/05/2026 07/05/2026 كتب
    Dewey Decimal Classification   Available مكتبة كلية العلوم الإقتصادية والعلوم التجارية وعلوم التسيير مكتبة كلية العلوم الإقتصادية والعلوم التجارية وعلوم التسيير 07/05/2026 الطابق الأرضي 2011/2/6920   أ/3765ن2 2011/2/6920 07/05/2026 07/05/2026 كتب
    Dewey Decimal Classification   Available مكتبة كلية العلوم الإقتصادية والعلوم التجارية وعلوم التسيير مكتبة كلية العلوم الإقتصادية والعلوم التجارية وعلوم التسيير 07/05/2026 الطابق الثاني 2011/3/6921   أ/3765ن3 2011/3/6921 07/05/2026 07/05/2026 كتب

موارد الويب المفتوحة


© University of Algiers 3 All Rights Reserved
|
Implemented by LECHELAH Riad